Statistics for Ark General Quiz

Click here to take the quiz!

General Stats

  • This quiz has been taken 83 times
  • The average score is 12 of 15

Answer Stats

QuestionAnswer% Correct
Which map do Reapers spawn?Abberation
97%
Where do Quetzals live?In the air
97%
Which map do wyverns spawn?Ragnarok
96%
How do you tame basilisks?Drop large eggs for them to eat
94%
Which animal does the most damage out of these?Raptor
94%
Which boss resembles a spider?Broodmother
93%
What is the name of the diamond-shaped device in your survivor's arm?Specimen Implant
92%
What happens when you go to the surface of Aberration during the day?You'll burn to death
86%
What is the name of the elemental mini-boss on Ragnarok?Lava Golem
85%
Which animal is the fastest?Microraptor
82%
What is the newest and last map to be added to Ark 1?Fjordur
78%
What is the Bio-Luminescent Zone on Aberration also known as?Blue Zone
68%
Which map takes place on Earth?Extinction
60%
What are the Gen-2 exclusive dinos called?R-Creatures
51%
What materials are needed for flamethrower ammo?Gas and Propellant
46%

Score Distribution

Percentile by Number Answered

Percent of People with Each Score

Your Score History

You have not taken this quiz